Football Teams Kazuyoshi Miura Played For - Statistics

General Stats
  • This quiz has been taken 11 times
    4 since last reset
  • The average score is 13 of 18
Answer Stats
League Years Team % Correct
Italy 1994-1995 Genoa CFC
100%
Atletico Suzuka Club 2024- Atletico Suzuka Club
75%
Brazil 1989-1990 Coritiba FC
75%
Croatia 1999 GNK Dinamo Zagreb
75%
Japan 1999-2001 Kyoto Sanga
75%
Brazil 1986 Santos FC
75%
Brazil 1986-1987 SE Matsubara
75%
Japan 2022-2023 Suzuka Point Getters
75%
Australia 2005 Sydney FC
75%
Japan 1990-1994 Tokyo Verdy
75%
Japan 1995-1999 Tokyo Verdy
75%
Portugal 2023-2024 UD Oliveirense
75%
Japan 2001-2005 Vissel Kobe
75%
Japan 2005 Yokohama FC
75%
Japan 2005-2022 Yokohama FC
75%
Brazil 1982-1986 CA Juventus
50%
Brazil 1987-1988 CRB
50%
Brazil 1988-1989 EC XV de Novembro
50%
No matching quizzes found
Score Distribution
Percent of People with Each Score
Percentile by Number Answered
Your Score History
You have not taken this quiz since the last reset